000 00772nam a2200205 a 4500
001 000034763
005 20200930073904.0
008 111019s1971 sp 000 0 spa d
040 _aDO-SdBNP
_bspa
_cBNPHU
082 _axxx
_bV768m, 1971
100 1 _aVincent Peale, Norman
_960244
240 1 0 _aInspiring messages for daily living y the healing of sorrow
_lespañol
245 1 0 _aMensaje inspirados para la vida diaria y confortando en el dolor /
_cNorman Vincent Peale ; traductores Ángel Arnau y Amparo García Burgos.
250 _a2a ed.
260 _aBarcelona :
_aMéxico :
_bEdiciones Grijalbo,
_c1971.
300 _a259 p. ;
_c22 cm.
500 _aTraducido del inglés
700 1 _aArnau, Ángel,
_etr
_911543
700 1 _aGarcía Burgos, Amparo,
_etr.
_911078
999 _c34254
_d34254